000 00351nam a22001337a 4500
003 SGT
020 _a8171381324
082 _a891.4309
_bR16S
100 _aसिन्हा, दया प्रकाश
245 _a रक्त अभिषेक
260 _bसामयिक प्रकाशन
_c2016
300 _a95
942 _2ddc
_cBK
999 _c30587
_d30587